| 000 | 00611nam a2200205Ia 4500 | ||
|---|---|---|---|
| 003 | GCL | ||
| 008 | 140319s9999 xx 000 0 ara d | ||
| 040 |
_aGCL / _cGCL |
||
| 082 | 0 | 4 |
_a657.48 _bع ا |
| 100 | 1 | _aعبدالحى مرعى | |
| 245 | 1 | 0 |
_aاصول اللقياس والاتصال المحاسبى / _cعبدالحى مرعى |
| 700 | 1 | _aمحمد الفيومى محمد | |
| 700 | 1 | _aمحمد سمير الصبان | |
| 300 | _a682 ص | ||
| 490 | _a | ||
| 650 | 0 | 4 | _aالمحاسبة |
| 650 | 0 | 4 | _aالمحاسبة المالية |
| 650 | 0 | 4 | _aالقياس المحاسبى |
| 942 |
_2ddc _cBK |
||
| 999 |
_c45975 _d45975 |
||